Sports Quiz

Random Sports or NFL Quiz

NFL Rushing Yards (Team Leader) Quiz Stats

 Plays Quiz not verified by Sporcle

Support Sporcle.
Go Orange.
Score 0/32 Timer 20:00
0 Plays Today
Team (Years) Player % Correct
Chicago Bears
(1975-1987)
Walter Payton
98.3%
Cleveland Browns
(1957-1965)
Jim Brown
98.3%
Dallas Cowboys
(1990-2002)
Emmitt Smith
98.3%
Los Angeles Chargers
(2001-2009)
LaDainian Tomlinson
96.6%
Detroit Lions
(1989-1998)
Barry Sanders
95.8%
San Francisco 49ers
(2005-2014)
Frank Gore
95.8%
Minnesota Vikings
(2007-2016)
Adrian Peterson
94.1%
Seattle Seahawks
(2000-2007)
Shaun Alexander
92.4%
Philadelphia Eagles
(2009-2014)
LeSean McCoy
91.6%
Indianapolis Colts
(1999-2005)
Edgerrin James
90.8%
Houston Texans
(2009-2015)
Arian Foster
89.9%
Kansas City Chiefs
(2008-2016)
Jamaal Charles
89.9%
Baltimore Ravens
(2000-2006)
Jamal Lewis
88.2%
Buffalo Bills
(1988-1999)
Thurman Thomas
88.2%
Denver Broncos
(1995-2001)
Terrell Davis
88.2%
Los Angeles Rams
(2004-2012)
Steven Jackson
88.2%
Team (Years) Player % Correct
New York Giants
(1997-2006)
Tiki Barber
88.2%
New York Jets
(1998-2005)
Curtis Martin
88.2%
Carolina Panthers
(2008-2017)
Jonathan Stewart
87.4%
Green Bay Packers
(2000-2006/2009)
Ahman Green
87.4%
Pittsburgh Steelers
(1972-1983)
Franco Harris
86.6%
Tennessee Titans
(1996-2003)
Eddie George
85.7%
Jacksonville Jaguars
(1998-2008)
Fred Taylor
84%
Oakland Raiders
(1982-1992)
Marcus Allen
83.2%
New Orleans Saints
(2001-2008)
Deuce McAllister
78.2%
Cincinnati Bengals
(1997-2003)
Corey Dillon
77.3%
Washington Redskins
(1976-1985)
John Riggins
74.8%
Miami Dolphins
(1968-1974/1979)
Larry Csonka
70.6%
Arizona Cardinals
(1979-1986)
Ottis Anderson
60.5%
Atlanta Falcons
(1982-1988)
Gerald Riggs
42%
Tampa Bay Buccaneers
(1981-1989)
James Wilder
37.8%
New England Patriots
(1973-1982)
Sam Cunningham
31.9%

You're not logged in!

Compare scores with friends on all Sporcle quizzes.
OR
Log In

From the Vault

Geography by Numbers III

by Flick

Sometimes you just have to play the numbers.
Remove Ads.
Support Sporcle.
Get the best of Sporcle when you Go Orange. This ad-free experience offers more features, more stats, and more fun while also helping to support Sporcle. Thank you for becoming a member.

Show Comments

Extras

Created Feb 23, 2020ReportNominate
Tags:NFL Quiz

Top Quizzes Today


Score Distribution

Your Account Isn't Verified!

In order to create a playlist on Sporcle, you need to verify the email address you used during registration. Go to your Sporcle Settings to finish the process.

Report this User

Report this user for behavior that violates our Community Guidelines.

Details: